00588cam a2200205 a 4500001000800000005001700008008004100025010001700066020001500083040002300098041000800121060002100129080001400150082001800164100000600182101000800188245011000196504005100306740002500357157895120180130074428.0930609s1993 caua b 001 0 eng c a 93021474  a1560550740 aDNLM/DLCcDLCdDLC aeng00aWW 100 O618 1993 a617.7 BER00a617.7 BER220 a8 aOFT00aBasic ophthalmology for medical students and primary care residents /cFrank G. Berson, executive editor. aIncludes bibliographical references and index.0 aBasic ophthalmology.